[Event "NOR-ch Class2"]
[Site "Lillehammer"]
[Date "2013.06.29"]
[Round "3"]
[White "Stubrud, Jan Magne"]
[Black "Soreng, Eirik"]
[Result "0-1"]
[WhiteElo "1554"]
[BlackElo "1698"]
[PlyCount "66"]
[EventDate "2013.06.29"]
[EventType "swiss"]
[EventRounds "9"]
[EventCountry "NOR"]
[SourceTitle "EXT 2017"]
[Source "ChessBase"]
[SourceDate "2016.10.25"]
[SourceVersion "1"]
[SourceVersionDate "2016.10.25"]
[SourceQuality "1"]

1. d4 d5 2. c4 c6 3. Nc3 dxc4 4. e3 e5 5. Bxc4 exd4 6. exd4 Nf6 7. Nf3 Be7 8. 0-0 0-0 9. Re1 Bf5 10. Bf4 Nbd7 11. Rc1 Nb6 12. Qb3 Nxc4 13. Qxc4 Re8 14. Ng5 Bg6 15. Re2 h6 16. Nf3 Bf5 17. Rce1 Bf8 18. Rxe8 Nxe8 19. h3 Nd6 20. Qe2 Be6 21. b3 Nf5 22. Be5 Bb4 23. Qd3 Qa5 24. Rc1 Rd8 25. g4 Ne7 26. Ne4 Ng6 27. Nc5 Bxc5 28. Bc7 Qxc7 29. Rxc5 Bd5 30. Ne1 Re8 31. Rc1 Nf4 32. Qd2 Nxh3+ 33. Kf1 Qh2 0-1